[Event "Bronshoj Lang Weekend 2014"]
[Site "Bronshoj"]
[Date "2014.02.08"]
[Round "3"]
[White "Krull, Carl"]
[Black "Jensen, Jonbert"]
[Result "1-0"]
[WhiteElo "1660"]
[BlackElo "1400"]
[PlyCount "89"]
[EventDate "2014.??.??"]
[EventType "swiss"]
[EventRounds "7"]
[EventCountry "DEN"]


1. e4 d6 2. d4 Nf6 3. Nc3 e6 4. f4 Bd7 5. Nf3 a6 6. Bc4 b5 7. Bb3 b4 8. e5 bxc3
9. exf6 Qxf6 10. bxc3 d5 11. O-O c5 12. c4 dxc4 13. Bxc4 Bb5 14. Bxb5+ axb5 15.
Qd3 c4 16. Qe4 Ra6 17. Qb7 Bd6 18. Qxb5+ Rc6 19. Ne5 Bxe5 20. fxe5 Qd8 21. c3
O-O 22. Ba3 Re8 23. Bd6 Qb6 24. Qxb6 Rxb6 25. Rfb1 Nd7 26. Rxb6 Nxb6 27. a4 Nd5
28. Ra3 Ra8 29. a5 f6 30. a6 Kf7 31. a7 Ke8 32. Bc5 Kd7 33. exf6 gxf6 34. Ra4
Nxc3 35. Rxc4 Nb5 36. Ra4 Nc7 37. Rb4 Na6 38. Rb7+ Kc6 39. Rxh7 Nxc5 40. dxc5
Kxc5 41. Kf2 Kb6 42. h4 Kc5 43. h5 Kd5 44. h6 Ke5 45. Rg7 1-0

[Event "Bronshoj Lang Weekend 2014"]
[Site "Bronshoj"]
[Date "2014.02.08"]
[Round "3"]
[White "Pedersen, Bo V"]
[Black "Jensen, Simon Stibolt"]
[Result "0-1"]
[WhiteElo "1312"]
[BlackElo "1552"]
[PlyCount "72"]
[EventDate "2014.??.??"]
[EventType "swiss"]
[EventRounds "7"]
[EventCountry "DEN"]


1. d4 f5 2. Bg5 Nf6 3. e3 Ne4 4. Bf4 e6 5. Bd3 Nf6 6. h3 Be7 7. Nf3 d5 8. c4 c6
9. Qc2 Bb4+ 10. Nc3 O-O 11. O-O b6 12. a3 Bd6 13. Ne2 Ba6 14. b3 Ne4 15. b4
dxc4 16. Bxc4 Qe7 17. Rfd1 b5 18. Bb3 Bb7 19. Rac1 Nd7 20. Bxd6 Qxd6 21. Nf4
Rfe8 22. Qa2 Nf8 23. Nd2 Nxd2 24. Rxd2 Re7 25. Rc5 Kh8 26. Nd3 Nd7 27. Rc1 Nf6
28. f3 Qg3 29. Nc5 Nd5 30. Re2 f4 31. e4 Ne3 32. Nxb7 Rxb7 33. Rxc6 Rd7 34. Rd2
Qe1+ 35. Kh2 Nf1+ 36. Kg1 Ng3+ 0-1

[Event "Bronshoj Lang Weekend 2014"]
[Site "Bronshoj"]
[Date "2014.02.08"]
[Round "3"]
[White "Kyrkjebo, Eirik"]
[Black "Pedersen, Thorben Landstrom"]
[Result "0-1"]
[WhiteElo "1693"]
[BlackElo "1466"]
[PlyCount "82"]
[EventDate "2014.??.??"]
[EventType "swiss"]
[EventRounds "7"]
[EventCountry "DEN"]


1. e4 e5 2. Nf3 Nc6 3. Nc3 Nf6 4. Bb5 Bc5 5. Nxe5 Bxf2+ 6. Kxf2 Nxe5 7. d4
Neg4+ 8. Kg1 c6 9. Ba4 d6 10. Bg5 h6 11. Bd2 Qb6 12. Bc1 Nh7 13. h3 Ngf6 14.
Kh2 Bd7 15. e5 dxe5 16. dxe5 Qc7 17. Re1 O-O-O 18. Kh1 Bxh3 19. Qf3 Bg4 20. Qf2
Nd7 21. Bf4 Be6 22. Qxa7 Qb6 23. Be3 Qxa7 24. Bxa7 Kc7 25. Bg1 Ng5 26. Bb3 Rhe8
27. Bh2 Kc8 28. Rad1 Nc5 29. Rd6 Bxb3 30. axb3 Rxd6 31. Ra1 Rde6 32. Ra8+ Kd7
33. Ra5 Nce4 34. Na4 Kc7 35. c4 Rd8 36. Bg1 Rd1 37. Kh2 c5 38. Nxc5 Nxc5 39.
Rxc5+ Rc6 40. Rb5 Rd2 41. c5 Nf3+ 0-1

[Event "Bronshoj Lang Weekend 2014"]
[Site "Bronshoj"]
[Date "2014.02.09"]
[Round "4"]
[White "Brzezinski, Adam"]
[Black "Semcesen, Daniel"]
[Result "0-1"]
[WhiteElo "2142"]
[BlackElo "2492"]
[PlyCount "86"]
[EventDate "2014.??.??"]
[EventType "swiss"]
[EventRounds "7"]
[EventCountry "DEN"]


1. d4 d6 2. c4 f5 3. Nc3 Nf6 4. Nf3 g6 5. g3 Bg7 6. Bg2 O-O 7. O-O c6 8. d5 e5
9. dxe6 Bxe6 10. Qb3 b5 11. Nd2 bxc4 12. Qb7 Nbd7 13. Qxc6 Nb6 14. Nf3 Rc8 15.
Qb5 Ne4 16. Qa5 d5 17. Rd1 Qf6 18. Nd4 Bf7 19. Be3 Qe7 20. Ndb5 Ra8 21. Nd4
Rfe8 22. Nxe4 dxe4 23. h4 Nd5 24. Bg5 Qb4 25. Qxb4 Nxb4 26. Be3 Red8 27. Rd2
Rac8 28. a3 Nd5 29. Bg5 Rd6 30. h5 Rb6 31. hxg6 hxg6 32. e3 Nf6 33. Bxf6 Bxf6
34. g4 fxg4 35. Bxe4 Re8 36. Bg2 g3 37. Rc1 Bh4 38. fxg3 Bg5 39. Nc2 Rxe3 40.
Rcd1 Rxg3 41. Rd7 Rxb2 42. Ne1 Rg4 43. Kf1 Be3 0-1

[Event "Bronshoj Lang Weekend 2014"]
[Site "Bronshoj"]
[Date "2014.02.09"]
[Round "4"]
[White "Smith, Axel"]
[Black "Bromann, Thorbjorn"]
[Result "1/2-1/2"]
[WhiteElo "2489"]
[BlackElo "2399"]
[PlyCount "116"]
[EventDate "2014.??.??"]
[EventType "swiss"]
[EventRounds "7"]
[EventCountry "DEN"]


1. e4 e6 2. d4 d5 3. Nc3 dxe4 4. Nxe4 Nd7 5. Nf3 Ngf6 6. Bg5 h6 7. Nxf6+ Nxf6
8. Bh4 Be7 9. Bd3 c5 10. dxc5 Qa5+ 11. c3 Qxc5 12. Qe2 Nd5 13. Bxe7 Kxe7 14.
Qe5 Bd7 15. O-O Qd6 16. Qxd6+ Kxd6 17. Rfd1 Nf6 18. Be4+ Ke7 19. Ne5 Rab8 20.
Rd4 Rhc8 21. f4 Be8 22. Bf3 Rc5 23. Rad1 Rc7 24. Kf2 Nd7 25. Nd3 Nf6 26. Rd2
Rbc8 27. Rb4 Rb8 28. Ne5 Kf8 29. Ke3 Ke7 30. h4 b6 31. Rbd4 Rbc8 32. g3 Rc5 33.
Rd1 R5c7 34. g4 Nd7 35. Nd3 Nb8 36. Nb4 Rd7 37. f5 Rxd4 38. Rxd4 Bd7 39. fxe6
Bxe6 40. Nd5+ Bxd5 41. Bxd5 Rc7 42. Re4+ Kd6 43. Kd4 Nc6+ 44. Bxc6 Kxc6 45. c4
Kd7 46. b4 Rc6 47. Re5 Rg6 48. Re4 Rd6+ 49. Kc3 Rf6 50. Rd4+ Kc7 51. b5 Rf3+
52. Kb4 Rf1 53. h5 Rb1+ 54. Kc3 Rc1+ 55. Kb4 Rb1+ 56. Kc3 Rc1+ 57. Kb2 Rf1 58.
Kc3 Rc1+ 1/2-1/2

[Event "Bronshoj Lang Weekend 2014"]
[Site "Bronshoj"]
[Date "2014.02.09"]
[Round "4"]
[White "Stojanovski, Sandi"]
[Black "Olsen, Michael Richard W"]
[Result "1-0"]
[WhiteElo "2252"]
[BlackElo "1933"]
[PlyCount "69"]
[EventDate "2014.??.??"]
[EventType "swiss"]
[EventRounds "7"]
[EventCountry "DEN"]


1. d4 c5 2. d5 e5 3. e4 d6 4. Bb5+ Nd7 5. a4 a6 6. Be2 Ngf6 7. Nc3 Be7 8. Nf3
h6 9. a5 b5 10. axb6 Nxb6 11. O-O Bb7 12. Nd2 O-O 13. Nb3 Nxe4 14. Nxe4 Bxd5
15. Nc3 Be6 16. f4 f5 17. fxe5 d5 18. Rxa6 Rxa6 19. Bxa6 d4 20. Ne2 g5 21. Ng3
f4 22. Qh5 Kg7 23. Bd3 Qe8 24. Qxe8 Rxe8 25. Nf5+ Bxf5 26. Bxf5 Nc4 27. e6 Kf6
28. Bd3 Ne5 29. Nd2 Kxe6 30. h3 Rf8 31. Nc4 Nxd3 32. cxd3 Kd7 33. Re1 Bf6 34.
Bd2 Rb8 35. Kf1 1-0

[Event "Bronshoj Lang Weekend 2014"]
[Site "Bronshoj"]
[Date "2014.02.09"]
[Round "4"]
[White "Thuesen, Mogens Henrik"]
[Black "Rydstrom, Tom"]
[Result "0-1"]
[WhiteElo "2209"]
[BlackElo "2163"]
[PlyCount "74"]
[EventDate "2014.??.??"]
[EventType "swiss"]
[EventRounds "7"]
[EventCountry "DEN"]


1. f4 d5 2. Nf3 c5 3. g3 Nc6 4. Bg2 Nf6 5. d3 Qc7 6. O-O Bg4 7. Nc3 Rd8 8. Bd2
e6 9. Qe1 Bxf3 10. Bxf3 Nd4 11. Rc1 Nxf3+ 12. Rxf3 Be7 13. e4 dxe4 14. Nxe4 Nd5
15. c4 Nb6 16. f5 exf5 17. Rxf5 O-O 18. Qf1 Qd7 19. Be3 Qxd3 20. Qxd3 Rxd3 21.
Bxc5 Re8 22. Bf2 Bf8 23. Re1 Red8 24. b3 g6 25. Rb5 f5 26. Nf6+ Kg7 27. Nd5
Nxd5 28. cxd5 b6 29. Rc1 Rd2 30. Be3 Rxa2 31. Rc7+ Kg8 32. Bd4 a6 33. Rxb6 Rxd5
34. Rc4 Rxd4 35. Rxd4 Bc5 36. Rb8+ Kg7 37. Rbd8 Rd2 0-1

[Event "Bronshoj Lang Weekend 2014"]
[Site "Bronshoj"]
[Date "2014.02.09"]
[Round "4"]
[White "Karlsson, Ulf"]
[Black "Pedersen, Jan Nordenbaek"]
[Result "1/2-1/2"]
[WhiteElo "1986"]
[BlackElo "2243"]
[PlyCount "90"]
[EventDate "2014.??.??"]
[EventType "swiss"]
[EventRounds "7"]
[EventCountry "DEN"]


1. e4 c5 2. Nc3 a6 3. g3 b5 4. Bg2 Bb7 5. d3 e6 6. f4 d5 7. exd5 b4 8. Ne4 exd5
9. Nf2 Nc6 10. Nf3 Qe7+ 11. Kd2 O-O-O 12. Re1 Qc7 13. c3 Nf6 14. Ne5 Bd6 15.
Nxc6 Bxc6 16. cxb4 Qb6 17. Ke2 Qxb4 18. Kf1 Qb7 19. Bd2 h5 20. Rc1 Kb8 21. Qc2
Rc8 22. Bh3 Bd7 23. Bg2 h4 24. Bc3 hxg3 25. hxg3 Nh5 26. Nh1 Bc6 27. Be5 Bxe5
28. Rxe5 f6 29. Re6 d4 30. Rxc6 Rxc6 31. Qa4 Qxb2 32. Re1 Rb6 33. Re8+ Rxe8 34.
Qxe8+ Kc7 35. Qe7+ Kc8 36. Bh3+ Kb8 37. Qd8+ Ka7 38. Qc7+ Rb7 39. Qxc5+ Qb6 40.
Qxh5 Qc6 41. Nf2 Rb1+ 42. Ke2 Rb2+ 43. Kf1 Rb1+ 44. Ke2 Rb2+ 45. Kf1 Rb1+
1/2-1/2

[Event "Bronshoj Lang Weekend 2014"]
[Site "Bronshoj"]
[Date "2014.02.09"]
[Round "4"]
[White "Nohr, Finn"]
[Black "Marthedal, Anton Mehmet Yildiz"]
[Result "1-0"]
[WhiteElo "2076"]
[BlackElo "1738"]
[PlyCount "53"]
[EventDate "2014.??.??"]
[EventType "swiss"]
[EventRounds "7"]
[EventCountry "DEN"]


1. e4 d6 2. d4 Nf6 3. Nc3 g6 4. f4 Bg7 5. Nf3 c5 6. Bb5+ Bd7 7. e5 Ng4 8. Bxd7+
Nxd7 9. e6 Ndf6 10. exf7+ Kf8 11. Ng5 Qb6 12. Ne6+ Kxf7 13. d5 c4 14. Qe2 Rhe8
15. h3 Nh6 16. g4 Nd7 17. Nxg7 Kxg7 18. Be3 Qxb2 19. Bd4+ Nf6 20. O-O Kf8 21.
Rab1 Qa3 22. Qe6 Nf7 23. g5 b5 24. Rbe1 b4 25. gxf6 exf6 26. Qxf6 bxc3 27. Qg7#
1-0

[Event "Bronshoj Lang Weekend 2014"]
[Site "Bronshoj"]
[Date "2014.02.09"]
[Round "4"]
[White "Chernyak, Viktoria"]
[Black "Christensen, Esben"]
[Result "1-0"]
[WhiteElo "2018"]
[BlackElo "1976"]
[PlyCount "53"]
[EventDate "2014.??.??"]
[EventType "swiss"]
[EventRounds "7"]
[EventCountry "DEN"]


1. Nf3 Nf6 2. g3 d6 3. d4 g6 4. Bg2 Nbd7 5. c4 c5 6. Nc3 cxd4 7. Nxd4 Bg7 8.
O-O O-O 9. e4 Qb6 10. Nc2 Ne5 11. Ne3 Be6 12. b3 Neg4 13. Rb1 Qa5 14. Qc2 Qh5
15. h4 Nxe3 16. Bxe3 Ng4 17. Qd2 Nxe3 18. Qxe3 Bxc3 19. Qxc3 Rab8 20. Rfd1 b5
21. cxb5 Rxb5 22. Qc7 Rc8 23. Qxe7 Rc2 24. Rxd6 Qc5 25. Rf1 Rxa2 26. b4 Qxb4
27. Rxe6 1-0

[Event "Bronshoj Lang Weekend 2014"]
[Site "Bronshoj"]
[Date "2014.02.09"]
[Round "4"]
[White "Nielsen, Michael(1983)"]
[Black "Ulrich, Thomas"]
[Result "1-0"]
[WhiteElo "2148"]
[BlackElo "2026"]
[PlyCount "199"]
[EventDate "2014.??.??"]
[EventType "swiss"]
[EventRounds "7"]
[EventCountry "DEN"]


1. c4 Nf6 2. g3 e5 3. Bg2 d5 4. cxd5 Nxd5 5. Nc3 Nb6 6. Nf3 Nc6 7. O-O Be7 8.
a3 O-O 9. b4 Be6 10. Rb1 f6 11. d3 Nd4 12. Nd2 Nd5 13. Bb2 a5 14. e3 Nxc3 15.
Bxc3 Nb5 16. Bb2 axb4 17. axb4 Qxd3 18. Be4 Qd7 19. Qc2 h6 20. Bxb7 Na3 21.
Bxa3 Rxa3 22. Nc4 Ra7 23. Be4 Qb5 24. Na5 Bd6 25. Bd3 Qd7 26. Rfd1 Kh8 27. Nc4
Be7 28. Be2 Qc6 29. Bd3 Rd8 30. Nxe5 Qxc2 31. Ng6+ Kh7 32. Bxc2 Rxd1+ 33. Rxd1
Bb3 34. Nf8+ Kg8 35. Bxb3+ Kxf8 36. b5 Bd6 37. Kg2 Ke7 38. Kf3 Ra5 39. Bc4 Ra4
40. Bd5 Ra5 41. Rb1 Bc5 42. Ke4 g6 43. g4 Ra4+ 44. Kf3 h5 45. gxh5 gxh5 46. Rg1
Rb4 47. Rg7+ Kd6 48. Bc6 Ke6 49. Rxc7 Bd6 50. Rh7 h4 51. h3 Kf5 52. Rh5+ Kg6
53. Rd5 Be5 54. Rd1 f5 55. Rd5 Kf6 56. Bd7 Rb1 57. Kg2 Rb2 58. b6 Rxb6 59. Bxf5
Rb2 60. Bd7 Bg3 61. Rf5+ Ke7 62. Bc6 Ke6 63. Rf3 Bc7 64. Be4 Be5 65. Kf1 Bc3
66. Rf4 Bf6 67. Rg4 Ke5 68. Bd3 Rd2 69. Rd4 Rd1+ 70. Kg2 Re1 71. f4+ Ke6 72.
Bc4+ Ke7 73. Rd3 Rc1 74. Bb3 Re1 75. Kf3 Rg1 76. e4 Rg3+ 77. Ke2 Rg2+ 78. Kf1
Rh2 79. Bd1 Kf8 80. Bg4 Be7 81. e5 Bc5 82. f5 Kf7 83. Rd7+ Ke8 84. Rb7 Bd4 85.
Rb5 Rf2+ 86. Ke1 Rf4 87. Ke2 Kf7 88. Kd3 Ba1 89. Ke3 Rc4 90. Bf3 Ra4 91. Bd5+
Kf8 92. Bb3 Ra8 93. Kf4 Re8 94. Be6 Bc3 95. Kg5 Be1 96. Bd7 Rd8 97. e6 Bc3 98.
f6 Bxf6+ 99. Kxf6 Kg8 100. e7 1-0

[Event "Bronshoj Lang Weekend 2014"]
[Site "Bronshoj"]
[Date "2014.02.09"]
[Round "4"]
[White "Petersen, Peter Birk"]
[Black "Nielsen, Viktor Haarmark"]
[Result "0-1"]
[WhiteElo "2098"]
[BlackElo "2007"]
[PlyCount "80"]
[EventDate "2014.??.??"]
[EventType "swiss"]
[EventRounds "7"]
[EventCountry "DEN"]


1. e4 e5 2. Nf3 Nc6 3. Bb5 Nf6 4. d3 Bc5 5. c3 d6 6. O-O O-O 7. a4 a6 8. Bc4
Ba7 9. Na3 Be6 10. Bg5 h6 11. Bh4 Re8 12. Qd2 Nb8 13. Bxe6 Rxe6 14. Nc4 Nbd7
15. Ne3 Bxe3 16. fxe3 c5 17. c4 Rb8 18. a5 b5 19. axb6 Qxb6 20. Rfb1 Rb7 21.
Be1 Re8 22. h3 Ra8 23. b4 cxb4 24. Rxb4 Qc6 25. Rxb7 Qxb7 26. Qb4 Qc6 27. Qa3
Nc5 28. Bb4 Nfd7 29. Nd2 Rb8 30. Kh2 Nxd3 31. Bxd6 Rb6 32. c5 N3xc5 33. Nc4 Rb3
34. Qa2 Rc3 35. Rd1 Qxe4 36. Bxc5 Nxc5 37. Rd8+ Kh7 38. Nd6 Qxe3 39. Qb1+ e4
40. Re8 Qf4+ 0-1

[Event "Bronshoj Lang Weekend 2014"]
[Site "Bronshoj"]
[Date "2014.02.09"]
[Round "4"]
[White "Kristensen, Lars Ostergaard"]
[Black "Vovk, Oksana"]
[Result "0-1"]
[WhiteElo "1455"]
[BlackElo "2083"]
[PlyCount "94"]
[EventDate "2014.??.??"]
[EventType "swiss"]
[EventRounds "7"]
[EventCountry "DEN"]


1. d4 Nf6 2. c4 e6 3. Nf3 Bb4+ 4. Bd2 Qe7 5. Nc3 Bxc3 6. Bxc3 Ne4 7. Qc2 Nxc3
8. Qxc3 d6 9. e4 Nd7 10. Bd3 e5 11. dxe5 dxe5 12. O-O a5 13. Rfd1 O-O 14. a3 a4
15. Rd2 b6 16. Bc2 Bb7 17. Rad1 Bc6 18. Qe3 Nc5 19. Ne1 Rfe8 20. f3 Red8 21.
Nd3 Nxd3 22. Rxd3 f6 23. Rxd8+ Rxd8 24. Rxd8+ Qxd8 25. Qd3 Qd4+ 26. Kf1 Kf7 27.
Qxd4 exd4 28. Bd3 Bd7 29. Ke2 c5 30. Kf2 Ke6 31. f4 g6 32. g4 Kd6 33. Kg3 Be6
34. h4 b5 35. cxb5 Bb3 36. e5+ fxe5 37. fxe5+ Kxe5 38. b6 Kd6 39. h5 gxh5 40.
g5 Bg8 41. Bc2 c4 42. Bxa4 Bf7 43. Bb5 c3 44. bxc3 dxc3 45. Bd3 Bg6 46. a4 Bxd3
47. a5 Kc6 0-1

[Event "Bronshoj Lang Weekend 2014"]
[Site "Bronshoj"]
[Date "2014.02.09"]
[Round "4"]
[White "Kokholm, Daniel"]
[Black "Nielsen, Klaus"]
[Result "0-1"]
[WhiteElo "1845"]
[BlackElo "2056"]
[PlyCount "82"]
[EventDate "2014.??.??"]
[EventType "swiss"]
[EventRounds "7"]
[EventCountry "DEN"]


1. d4 Nf6 2. Nc3 c5 3. d5 e5 4. e4 d6 5. Be2 Be7 6. Be3 Nbd7 7. Qd2 a6 8. a4
Qa5 9. Ra3 Nf8 10. h3 Ng6 11. Nf3 O-O 12. g4 Bd7 13. Qd3 Rfc8 14. Nd2 Qd8 15.
a5 Ne8 16. O-O Nc7 17. Ra2 Nb5 18. Na4 Rab8 19. Nb6 Rc7 20. Nxd7 Qxd7 21. Nc4
Nd4 22. Bd1 Qd8 23. c3 Nb5 24. Ba4 Bg5 25. Bxg5 Qxg5 26. Bxb5 axb5 27. Nxd6 Nf4
28. Qf3 Qh6 29. Nxb5 Nxh3+ 30. Kg2 Nf4+ 31. Kg1 Rd7 32. Rfa1 Qg5 33. Kf1 h5 34.
gxh5 Qh4 35. c4 Nxh5 36. Ke1 Nf4 37. Ra3 f5 38. Qg3 Qh1+ 39. Kd2 Qxe4 40. b3
Qe2+ 41. Kc3 Rxd5 0-1

[Event "Bronshoj Lang Weekend 2014"]
[Site "Bronshoj"]
[Date "2014.02.09"]
[Round "4"]
[White "Ronsted, Torben"]
[Black "Jorgensen, Mikkel"]
[Result "0-1"]
[WhiteElo "2011"]
[BlackElo "1811"]
[PlyCount "90"]
[EventDate "2014.??.??"]
[EventType "swiss"]
[EventRounds "7"]
[EventCountry "DEN"]


1. d4 Nf6 2. c4 d6 3. Nc3 Nbd7 4. g3 e5 5. Bg2 Be7 6. e3 O-O 7. Nge2 c6 8. O-O
Re8 9. b3 Qc7 10. Bb2 Nf8 11. Qc2 Ng6 12. Rad1 a6 13. Rd2 h5 14. Ne4 Ng4 15.
Ba3 f5 16. dxe5 fxe4 17. exd6 Qa5 18. Qc1 Bf8 19. b4 Qd8 20. Rfd1 Bd7 21. Nc3
Nf6 22. Qc2 Bg4 23. Re1 Ne5 24. Nxe4 Nxe4 25. Bxe4 Nf3+ 26. Bxf3 Bxf3 27. Qf5
Bg4 28. Qd3 Qd7 29. e4 Rad8 30. c5 Qe6 31. Bb2 Rd7 32. a4 Rf7 33. Re3 g6 34. f3
Bh3 35. Rf2 Bh6 36. Re1 Ref8 37. Bc1 Bxc1 38. Rxc1 h4 39. Rc3 hxg3 40. hxg3 Bg4
41. f4 Bh3 42. Rh2 Qg4 43. Kh1 Re8 44. e5 Rxe5 45. fxe5 Qe4+ 0-1

[Event "Bronshoj Lang Weekend 2014"]
[Site "Bronshoj"]
[Date "2014.02.09"]
[Round "4"]
[White "Jacobsen, Mikkel Manosri"]
[Black "Luther, Lasse"]
[Result "1/2-1/2"]
[WhiteElo "2054"]
[BlackElo "2014"]
[PlyCount "84"]
[EventDate "2014.??.??"]
[EventType "swiss"]
[EventRounds "7"]
[EventCountry "DEN"]


1. d4 Nf6 2. Nf3 g6 3. Bf4 Bg7 4. e3 O-O 5. c4 d5 6. Nc3 c5 7. dxc5 Qa5 8. Qd2
dxc4 9. Ne4 Qxd2+ 10. Nexd2 c3 11. bxc3 Nbd7 12. c6 bxc6 13. e4 Nc5 14. Be5
Nfxe4 15. Bxg7 Kxg7 16. Ne5 Nxd2 17. Kxd2 Ne4+ 18. Ke3 Nxc3 19. Kd4 Nb5+ 20.
Kc5 Nd6 21. Bd3 Be6 22. Rhc1 Bd5 23. Nxc6 Bxc6 24. Kxc6 Rab8 25. Kd7 Kf6 26.
Rc7 Rfd8+ 27. Kc6 Rb6+ 28. Kc5 Nb7+ 29. Kc4 Na5+ 30. Kc3 Rc6+ 31. Rxc6+ Nxc6
32. Rb1 Ne5 33. Be2 Rc8+ 34. Kd2 Nc4+ 35. Kd3 Ne5+ 36. Kd2 Rc7 37. Rb5 Nc4+ 38.
Kd3 Nd6 39. Ra5 e5 40. Ra6 Ke7 41. Bd1 Rd7 42. Ba4 Rc7 1/2-1/2

[Event "Bronshoj Lang Weekend 2014"]
[Site "Bronshoj"]
[Date "2014.02.09"]
[Round "4"]
[White "Ohayv, Nikolaj"]
[Black "Marshall, Michael"]
[Result "1-0"]
[WhiteElo "1760"]
[BlackElo "1839"]
[PlyCount "83"]
[EventDate "2014.??.??"]
[EventType "swiss"]
[EventRounds "7"]
[EventCountry "DEN"]


1. e4 c5 2. Nc3 Nc6 3. f4 d6 4. g3 g6 5. Nf3 Bg7 6. Bg2 e6 7. d3 Nge7 8. O-O
O-O 9. g4 f5 10. gxf5 gxf5 11. Ne2 Bd7 12. c3 Rb8 13. Ng3 Be8 14. Ng5 Qd7 15.
exf5 exf5 16. Re1 Nd8 17. Qe2 Bf6 18. Bd2 h6 19. Nh3 Bf7 20. Nh5 Bxh5 21. Qxh5
Bg7 22. Re3 d5 23. Rae1 Ndc6 24. Rg3 Rf6 25. Kh1 Qd6 26. Ng1 Re6 27. Ree3 Rxe3
28. Bxe3 d4 29. Bd2 Rf8 30. Nf3 Nd5 31. Ne5 Qe6 32. c4 Nde7 33. Rg6 Qc8 34.
Qxh6 Nxg6 35. Bd5+ Rf7 36. Bxf7+ Kf8 37. Qxg6 Qc7 38. Qe6 Bxe5 39. Qe8+ Kg7 40.
Qg8+ Kf6 41. fxe5+ Kxe5 42. Qg7+ 1-0

[Event "Bronshoj Lang Weekend 2014"]
[Site "Bronshoj"]
[Date "2014.02.09"]
[Round "4"]
[White "Mouritsen, Jan"]
[Black "Henriksen, Christian Steen"]
[Result "0-1"]
[WhiteElo "1824"]
[BlackElo "1679"]
[PlyCount "113"]
[EventDate "2014.??.??"]
[EventType "swiss"]
[EventRounds "7"]
[EventCountry "DEN"]


1. d4 Nf6 2. c4 c5 3. Nf3 g6 4. g3 Bg7 5. Bg2 O-O 6. O-O d6 7. Nc3 Nbd7 8. e4
cxd4 9. Nxd4 Nc5 10. h3 Rb8 11. Be3 a6 12. Qc2 Ne6 13. Rad1 Qa5 14. Nd5 Nxd5
15. exd5 Nxd4 16. Bxd4 Bf5 17. Qe2 Rfe8 18. Bxg7 Kxg7 19. b3 Bd7 20. Rd4 b5 21.
Rh4 Qc3 22. Rd1 bxc4 23. Rxc4 Qa5 24. Qb2+ Kg8 25. Rh4 Rbc8 26. b4 Qc7 27. Qd2
Qc3 28. Qh6 Qg7 29. Qxg7+ Kxg7 30. Bf1 Bb5 31. Rhd4 Rc2 32. a4 Bxa4 33. Bxa6
Rb2 34. Re1 Kf6 35. Rf4+ Kg7 36. h4 h5 37. Bb7 e5 38. dxe6 Rxe6 39. Ra1 Bb3 40.
b5 d5 41. Rb4 Ree2 42. Rf4 Bc4 43. Bc6 f5 44. Ra7+ Kf6 45. Kg2 Re7 46. Ra1 Bxb5
47. Bxd5 Bd3 48. Ra8 Rb1 49. Rf8+ Kg7 50. Rg8+ Kf6 51. Rd4 Bf1+ 52. Kf3 Be2+
53. Kf4 Rb2 54. f3 Rb6 55. Bc4 Bxc4 56. Rxc4 Ra6 57. Rcc8 0-1

[Event "Bronshoj Lang Weekend 2014"]
[Site "Bronshoj"]
[Date "2014.02.09"]
[Round "4"]
[White "Andreasen, Rene"]
[Black "Krull, Carl"]
[Result "1/2-1/2"]
[WhiteElo "1768"]
[BlackElo "1660"]
[PlyCount "136"]
[EventDate "2014.??.??"]
[EventType "swiss"]
[EventRounds "7"]
[EventCountry "DEN"]


1. d4 Nf6 2. Nf3 d5 3. e3 Bg4 4. c4 dxc4 5. Bxc4 e6 6. O-O Nc6 7. Bb5 Qd5 8.
Nc3 Qh5 9. Be2 Bd6 10. g3 O-O-O 11. h4 h6 12. Nh2 Bxe2 13. Qxe2 Qxe2 14. Nxe2
g5 15. hxg5 hxg5 16. Kg2 Rh7 17. Bd2 Rdh8 18. Rh1 Ne4 19. Be1 f5 20. Nc3 Nxc3
21. Bxc3 Bb4 22. Nf3 Rxh1 23. Rxh1 Rxh1 24. Kxh1 g4 25. Ne1 Kd7 26. Nd3 Bd6 27.
Kg2 a5 28. Nc5+ Bxc5 29. dxc5 e5 30. f3 Ke6 31. fxg4 fxg4 32. e4 a4 33. Kf2 Na7
34. Ke3 Nb5 35. Kd3 c6 36. a3 Nc7 37. Kc4 Ne8 38. Bd2 Nf6 39. Kd3 Nh5 40. Be1
Kd7 41. Kc4 Nf6 42. Kd3 Kc7 43. Bc3 Nd7 44. Ba5+ Kb8 45. Kc4 Ka7 46. Bc7 Ka6
47. Kb4 Nf6 48. Bxe5 Nxe4 49. Bf4 Ka7 50. Bc7 Ka6 51. Bb8 b6 52. cxb6 Kxb6 53.
Kxa4 Nc5+ 54. Kb4 Na6+ 55. Kc4 Nxb8 56. Kd4 c5+ 57. Ke4 c4 58. Kf4 Kb5 59. Kxg4
Ka4 60. Kf5 Kb3 61. g4 Kxb2 62. g5 Nc6 63. Kf6 c3 64. g6 c2 65. g7 c1=Q 66.
g8=Q Qf4+ 67. Kg7 Qg5+ 68. Kh8 Qxg8+ 1/2-1/2

[Event "Bronshoj Lang Weekend 2014"]
[Site "Bronshoj"]
[Date "2014.02.09"]
[Round "4"]
[White "Jensen, Simon Stibolt"]
[Black "Kyrkjebo, Marte Bakken"]
[Result "0-1"]
[WhiteElo "1552"]
[BlackElo "1719"]
[PlyCount "142"]
[EventDate "2014.??.??"]
[EventType "swiss"]
[EventRounds "7"]
[EventCountry "DEN"]


1. e4 e5 2. Nf3 Nc6 3. Bb5 a6 4. Bxc6 dxc6 5. d4 exd4 6. Qxd4 Qxd4 7. Nxd4 Bd7
8. Be3 Nf6 9. Nd2 O-O-O 10. f3 c5 11. N4b3 b6 12. O-O g6 13. Bg5 Be7 14. Rfd1
h6 15. Bh4 g5 16. Bg3 Nh5 17. Be5 f6 18. Bc3 Nf4 19. Kf2 Bb5 20. e5 f5 21. Re1
Nd5 22. a4 Bc6 23. Nc4 Nxc3 24. bxc3 Bd5 25. Nbd2 Be6 26. Rad1 Rd7 27. a5 b5
28. Nb2 Rhd8 29. Nb3 Kb7 30. Rxd7 Rxd7 31. Rd1 Rxd1 32. Nxd1 Kc6 33. Ne3 Bf8
34. g3 f4 35. gxf4 gxf4 36. Ng2 Bg7 37. Nxf4 Bxb3 38. cxb3 Bxe5 39. Ne2 Kd5 40.
h4 c6 41. Kg2 Ke6 42. f4 Bc7 43. b4 cxb4 44. cxb4 Bd6 45. Nd4+ Kd5 46. Nc2 Bxf4
47. Kf3 Bd6 48. Ne3+ Ke6 49. Nc2 c5 50. bxc5 Bxc5 51. Ke4 Be7 52. h5 Bd8 53.
Nd4+ Kf6 54. Nc6 Bc7 55. Nb4 Bxa5 56. Nxa6 Kg5 57. Nc5 Kxh5 58. Nb3 Bc3 59. Kf5
Kh4 60. Kf4 Kh3 61. Kf3 Be1 62. Ke2 Bg3 63. Kf3 h5 64. Nd4 b4 65. Nb3 h4 66.
Nc1 Kh2 67. Nb3 Kg1 68. Nd2 Be1 69. Nb3 h3 70. Nd4 h2 71. Ne2+ Kf1 0-1

[Event "Bronshoj Lang Weekend 2014"]
[Site "Bronshoj"]
[Date "2014.02.09"]
[Round "4"]
[White "Pedersen, Thorben Landstrom"]
[Black "Christophersen, David"]
[Result "0-1"]
[WhiteElo "1466"]
[BlackElo "1694"]
[PlyCount "64"]
[EventDate "2014.??.??"]
[EventType "swiss"]
[EventRounds "7"]
[EventCountry "DEN"]


1. e4 d6 2. d4 Nf6 3. Nc3 Nbd7 4. Nf3 e5 5. d5 Nc5 6. Bb5+ Bd7 7. Bxd7+ Qxd7 8.
Qe2 Qg4 9. O-O Nfxe4 10. h3 Nxc3 11. bxc3 Qf5 12. Qb5+ Qd7 13. Qe2 Be7 14. Re1
O-O 15. Be3 b6 16. Bd2 Rae8 17. Qc4 f5 18. Nxe5 dxe5 19. d6+ Rf7 20. dxe7 Qxe7
21. Kf1 Qe6 22. Qe2 Ne4 23. Kg1 Rd7 24. Bc1 Nxc3 25. Qh5 Ne4 26. Bb2 g6 27. Qh4
Rd2 28. f3 Rxc2 29. Bxe5 Qxe5 30. fxe4 Qd4+ 31. Kf1 fxe4 32. Rad1 Rf8+ 0-1

[Event "Bronshoj Lang Weekend 2014"]
[Site "Bronshoj"]
[Date "2014.02.09"]
[Round "4"]
[White "Schmidt, Horst Hubert"]
[Black "Moller, Arne Vagn"]
[Result "0-1"]
[WhiteElo "1663"]
[BlackElo "1783"]
[PlyCount "146"]
[EventDate "2014.??.??"]
[EventType "swiss"]
[EventRounds "7"]
[EventCountry "DEN"]


1. e4 c5 2. c3 d5 3. exd5 Qxd5 4. Nf3 g6 5. Bb5+ Nc6 6. O-O Bg7 7. d3 e6 8. Be3
Nge7 9. d4 cxd4 10. Nxd4 O-O 11. Bxc6 Nxc6 12. Nxc6 Qxc6 13. Qd2 b6 14. f3 Ba6
15. Rd1 Qc7 16. Na3 Rfd8 17. Qf2 Rd7 18. Nc2 Rad8 19. Rxd7 Qxd7 20. Nb4 Bc4 21.
Re1 h6 22. Qh4 b5 23. a3 a5 24. Nc2 Qd3 25. Qf2 Bb3 26. Nd4 a4 27. Nc6 Rd7 28.
Nb4 Qc4 29. Qg3 Kh7 30. Qb8 Rd1 31. Rxd1 Bxd1 32. Qd6 Bb3 33. Kf2 Qh4+ 34. Qg3
Qd8 35. Qf4 Qd7 36. Qe4 Bc4 37. Qc2 Qd6 38. g3 e5 39. h4 Qe6 40. Kg2 f5 41. Qd2
h5 42. Qd8 f4 43. Bc5 e4 44. Qd1 exf3+ 45. Qxf3 fxg3 46. Be3 Be5 47. Qb7+ Qf7
48. Qxf7+ Bxf7 49. Bd4 Bf4 50. Kf3 Bh6 51. Kxg3 Bc4 52. Nc6 Bc1 53. Bc5 Bxb2
54. Bb4 Bc1 55. Bc5 Bb2 56. Bb4 Bc1 57. Ne5 Kg7 58. Nd7 Kf7 59. Kf3 Ke6 60.
Nf8+ Kf5 61. Nd7 Bd5+ 62. Kf2 g5 63. hxg5 Bxg5 64. Nb6 Bc4 65. Nc8 Ke4 66. Nd6+
Kd3 67. Nf5 Bf6 68. Nd4 Bh4+ 69. Kg2 Be1 70. Nf5 Bxc3 71. Bc5 Bb2 72. Nd6 Kc2
73. Nb7 Bd5+ 0-1